Statistics for Државе НАТО пакта

Click here to take the quiz!

General Stats

  • This quiz has been taken 292 times
  • The average score is 24 of 30

Answer Stats

Година придружењаДржава% Correct
1949Француска
95%
1955Немачка
94%
2009Хрватска
94%
1949Сједињене Америчке Државе
92%
1982Шпанија
91%
1949Италија
90%
1949Уједињено Краљевство
89%
1949Португал
86%
2017Црна Гора
84%
1952Грчка
84%
2004Румунија
84%
2009Албанија
83%
2004Словенија
82%
1949Норвешка
82%
1949Белгија
82%
2004Бугарска
82%
1949Канада
80%
1999Чешка
80%
2004Словачка
80%
1999Мађарска
79%
1949Данска
78%
1949Холандија
78%
2004Литванија
77%
1999Пољска
77%
2004Естонија
76%
2004Летонија
76%
2020Северна Македонија
74%
1952Турска
71%
1949Луксембург
66%
1949Исланд
56%

Score Distribution

Percentile by Number Answered

Percent of People with Each Score

Your Score History

You have not taken this quiz